[Event "NAYCC U12 w"]
[Site "Montreal CAN"]
[Date "2010.08.18"]
[Round "6"]
[White "Ding, Kimberly"]
[Black "Sametova, Zhanna"]
[Result "1-0"]
[WhiteElo "1864"]
[BlackElo "1255"]
[PlyCount "171"]
[EventDate "2010.08.16"]
[EventType "swiss"]
[EventRounds "7"]
[EventCountry "CAN"]

1. e4 c5 2. Nf3 Nc6 3. d4 cxd4 4. Nxd4 g6 5. Nc3 Bg7 6. Be3 d6 7. Qd2 Nf6 8. f3
O-O 9. O-O-O Bd7 10. g4 a6 11. h4 Ne8 12. h5 Nxd4 13. Bxd4 Bxd4 14. Qxd4 b5 15.
hxg6 fxg6 16. Bg2 Rc8 17. Rh6 Nf6 18. Nd5 Nxd5 19. Qxd5+ e6 20. Qxd6 Qg5+ 21.
Qd2 Qc5 22. Kb1 Rc7 23. Rhh1 b4 24. Bf1 Ba4 25. Rc1 Rd7 26. Qe2 Rfd8 27. Qc4
Qd6 28. Qxa6 Bc6 29. Bb5 Bxb5 30. Qxb5 Rb8 31. Qe2 Rbd8 32. Qe3 Qa6 33. Qb3 Ra7
34. c4 Rda8 35. c5 Qxa2+ 36. Qxa2 Rxa2 37. Kc2 R2a7 38. Kb3 Rb8 39. Rc4 Rf7 40.
Rf1 Rbf8 41. Kxb4 Rb8+ 42. Kc3 Rfb7 43. b4 e5 44. Rd1 Rf7 45. Rd3 Ra8 46. Kb2
Rfa7 47. Rcc3 Rb8 48. Kb3 Rab7 49. Rc4 Ra7 50. c6 Rba8 51. Rcc3 Ra3+ 52. Kc4
R3a6 53. b5 R6a7 54. Kd5 Rb8 55. Rb3 Re7 56. b6 Rd8+ 57. Kc5 Rc8 58. b7 Rb8 59.
Rd7 Rxd7 60. cxd7 Kf7 61. Kc6 Ke7 62. Kc7 Rd8 63. Rd3 h5 64. b8=Q Rxb8 65. Kxb8
Kd8 66. gxh5 gxh5 67. Rd5 h4 68. Rxe5 h3 69. Rh5 Kxd7 70. Rxh3 Ke6 71. Rh1 Ke5
72. Re1 Kf6 73. f4 Ke7 74. e5 Ke6 75. f5+ Kf7 76. e6+ Ke8 77. f6 Kf8 78. e7+
Ke8 79. f7+ Kxf7 80. e8=R Kg7 81. R8e2 Kf6 82. Rf2+ Kg5 83. Rg1+ Kh4 84. Rg8
Kh3 85. Re2 Kh4 86. Rh2# 1-0

[Event "NAYCC U12 w"]
[Site "Montreal CAN"]
[Date "2010.08.18"]
[Round "6"]
[White "Lu, Jennifer"]
[Black "Amirshadova, Victoria"]
[Result "1-0"]
[WhiteElo "1370"]
[BlackElo "619"]
[PlyCount "89"]
[EventDate "2010.08.16"]
[EventType "swiss"]
[EventRounds "7"]
[EventCountry "CAN"]

1. e4 e5 2. Nf3 Nc6 3. d4 Bd6 4. Bc4 Nf6 5. Bg5 b6 6. Nc3 Bb7 7. O-O O-O 8. Nd5
Be7 9. Nc3 d6 10. d5 Nb8 11. a4 Nbd7 12. b4 c5 13. dxc6 Bxc6 14. Nd5 Nxd5 15.
Bxd5 Bxd5 16. Bxe7 Qxe7 17. Qxd5 Rac8 18. c4 Nf6 19. Qd3 Nh5 20. g3 g5 21. Rac1
g4 22. Nh4 Qg5 23. Nf5 Rfd8 24. Nxd6 Nf6 25. c5 bxc5 26. bxc5 Rc6 27. Qb5 Rc7
28. Rcd1 Rf8 29. Qa5 Re7 30. c6 Ne8 31. Nf5 Rc7 32. Qxe5 f6 33. Qe6+ Kh8 34.
Nd6 Nxd6 35. Rxd6 Rg7 36. Rd7 h6 37. c7 Rxd7 38. Qxd7 Qg8 39. Rc1 Rc8 40. Rd1
h5 41. Qd8 a5 42. Qxg8+ Rxg8 43. Rd8 Rxd8 44. cxd8=Q+ Kg7 45. Qxa5 1-0

[Event "NAYCC U12 w"]
[Site "Montreal CAN"]
[Date "2010.08.18"]
[Round "6"]
[White "Shi, Ling Yun"]
[Black "Gologorsky, Rachel"]
[Result "1/2-1/2"]
[WhiteElo "1421"]
[BlackElo "1769"]
[PlyCount "28"]
[EventDate "2010.08.16"]
[EventType "swiss"]
[EventRounds "7"]
[EventCountry "CAN"]

1. d4 Nf6 2. c4 c5 3. d5 b5 4. b3 Bb7 5. Bb2 Qb6 6. Nd2 bxc4 7. Bxf6 gxf6 8.
bxc4 Bh6 9. e4 d6 10. Ngf3 Nd7 11. Qc2 Rb8 12. Rb1 Qa5 13. Be2 Ne5 14. O-O Nd7
1/2-1/2

[Event "NAYCC U12 w"]
[Site "Montreal CAN"]
[Date "2010.08.19"]
[Round "7"]
[White "Lu, Jennifer"]
[Black "Ding, Kimberly"]
[Result "1-0"]
[WhiteElo "1370"]
[BlackElo "1864"]
[PlyCount "39"]
[EventDate "2010.08.16"]
[EventType "swiss"]
[EventRounds "7"]
[EventCountry "CAN"]

1. e4 e6 2. d4 d5 3. Nc3 Nf6 4. Bg5 Be7 5. e5 Nfd7 6. Bxe7 Qxe7 7. f4 a6 8. Nf3
c5 9. Ne2 cxd4 10. Nexd4 Qb4+ 11. Qd2 Qxb2 12. Nb3 Qa3 13. Bd3 Nc6 14. O-O Qe7
15. Qf2 Nb4 16. Qg3 O-O 17. Bxh7+ Kxh7 18. Ng5+ Kg6 19. Nxe6+ Kh7 20. Qxg7# 1-0

[Event "NAYCC U12 w"]
[Site "Montreal CAN"]
[Date "2010.08.19"]
[Round "7"]
[White "Sametova, Zhanna"]
[Black "Peng, Jackie"]
[Result "1/2-1/2"]
[WhiteElo "1255"]
[BlackElo "1563"]
[PlyCount "70"]
[EventDate "2010.08.16"]
[EventType "swiss"]
[EventRounds "7"]
[EventCountry "CAN"]

1. e4 c5 2. Nf3 d6 3. d4 cxd4 4. Nxd4 Nf6 5. Nc3 g6 6. Be2 Bg7 7. Be3 O-O 8. f4
Nc6 9. Qd2 Bd7 10. O-O-O Qa5 11. Nb3 Qc7 12. h3 Be6 13. g4 a5 14. f5 Bxb3 15.
axb3 Nd7 16. Nb5 Qb8 17. fxg6 hxg6 18. Bh6 Bxh6 19. Qxh6 a4 20. Kb1 axb3 21.
cxb3 Nc5 22. Bc4 Ne5 23. Bd5 Ra5 24. Na3 Qa7 25. h4 Ra8 26. h5 g5 27. Qxg5+ Kf8
28. h6 Ke8 29. h7 Ng6 30. h8=Q+ Nxh8 31. Rxh8+ Kd7 32. Rxa8 Qxa8 33. b4 Rxa3
34. bxa3 Qxa3 35. bxc5 Qb4+ 1/2-1/2

[Event "NAYCC U12 w"]
[Site "Montreal CAN"]
[Date "2010.08.19"]
[Round "7"]
[White "Virkud, Apurva"]
[Black "Shi, Ling Yun"]
[Result "1/2-1/2"]
[WhiteElo "1828"]
[BlackElo "1489"]
[PlyCount "154"]
[EventDate "2010.08.16"]
[EventType "swiss"]
[EventRounds "7"]
[EventCountry "CAN"]

1. d4 d5 2. c4 c6 3. Nc3 Nf6 4. e3 Bf5 5. Nf3 dxc4 6. Bxc4 e6 7. O-O Be7 8. a3
O-O 9. Qe2 Nbd7 10. h3 Nb6 11. Ba2 Nbd5 12. Nxd5 cxd5 13. Bd2 Qb6 14. b4 Ne4
15. Ne5 Rfc8 16. Rac1 f6 17. Nf3 Nd6 18. Rfd1 Qb5 19. Rxc8+ Rxc8 20. Qe1 Bc2
21. Rc1 Qa4 22. Ra1 a6 23. Bb1 Bxb1 24. Qxb1 Rc2 25. Qd1 Qc6 26. Ne1 Rc4 27.
Nd3 Ne4 28. Nc5 Bxc5 29. dxc5 Nxd2 30. Qxd2 b6 31. cxb6 Qxb6 32. Qb2 Qc6 33. a4
Rc2 34. Qb3 Qc4 35. Qxc4 dxc4 36. b5 axb5 37. axb5 Rb2 38. Rc1 Rxb5 39. Rxc4
Rb1+ 40. Kh2 Rb2 41. Kg3 Kf7 42. Rc7+ Kg6 43. Kf3 f5 44. g3 Kf6 45. h4 h5 46.
Rc6 Rd2 47. Ra6 Ke5 48. Ra7 g6 49. Rb7 Ra2 50. Rb5+ Kf6 51. Rb6 Ra5 52. Rc6 Re5
53. Ra6 Rd5 54. Rb6 Ke7 55. Rb7+ Kf6 56. Rb6 Kf7 57. Rb7+ Kf6 58. Rb4 Ra5 59.
Rb6 Ra7 60. Rc6 Re7 61. Ra6 Kf7 62. Rb6 e5 63. Ra6 e4+ 64. Kf4 Re6 65. Ra7+ Kf6
66. Ra2 Kg7 67. Kg5 Rb6 68. Rc2 Ra6 69. Rb2 Rc6 70. Ra2 Rb6 71. Rd2 Ra6 72. Rc2
Rb6 73. Rc7+ Kg8 74. Kh6 Kf8 75. Rg7 Rb2 76. Rxg6 Rxf2 77. Kxh5 Rf3 1/2-1/2

[Event "NAYCC U14"]
[Site "Montreal CAN"]
[Date "2010.08.16"]
[Round "1"]
[White "Ding, Andrew"]
[Black "Sun, Mike"]
[Result "1-0"]
[WhiteElo "2049"]
[BlackElo "1163"]
[PlyCount "73"]
[EventDate "2010.08.16"]
[EventType "swiss"]
[EventRounds "7"]
[EventCountry "CAN"]

1. e4 d6 2. d4 Nf6 3. Bd3 g6 4. Nf3 c6 5. O-O Nbd7 6. c4 Bg7 7. Nc3 a6 8. a4
O-O 9. b4 e5 10. d5 cxd5 11. cxd5 b6 12. Be3 h6 13. Nd2 Rb8 14. Qe2 a5 15. Nb5
Ba6 16. Nxd6 Bxd3 17. Qxd3 axb4 18. Nb3 Nc5 19. Nxc5 bxc5 20. Bxc5 Nd7 21. Be3
Nb6 22. Nb5 Qd7 23. Bxb6 Rxb6 24. Rfb1 f5 25. Rxb4 fxe4 26. Rxe4 Rf4 27. Rxf4
exf4 28. Rc1 Rf6 29. f3 g5 30. Rc7 Qe8 31. Qe4 Qd8 32. d6 Rxd6 33. Qc4+ Kh7 34.
Nxd6 Qxd6 35. h3 Qd1+ 36. Kh2 Qe1 37. Qd3+ 1-0

[Event "NAYCC U14"]
[Site "Montreal CAN"]
[Date "2010.08.16"]
[Round "1"]
[White "Farrant-Diaz, Nathan"]
[Black "Xiang, Qun Tian"]
[Result "0-1"]
[WhiteElo "1319"]
[BlackElo "1112"]
[PlyCount "57"]
[EventDate "2010.08.16"]
[EventType "swiss"]
[EventRounds "7"]
[EventCountry "CAN"]

1. e4 e5 2. Nf3 Nc6 3. d4 exd4 4. Nxd4 Qf6 5. Be3 Bc5 6. c3 Nge7 7. Be2 d6 8.
Nc2 Bxe3 9. Nxe3 Ng6 10. Nd5 Qd8 11. O-O O-O 12. f4 f5 13. exf5 Bxf5 14. Qb3
Na5 15. Ne7+ Kh8 16. Nxg6+ Bxg6 17. Qb5 c6 18. Qa4 Qb6+ 19. Kh1 Qxb2 20. Na3
Qxc3 21. Bg4 b5 22. Nxb5 cxb5 23. Qxb5 Rxf4 24. Qd5 Raf8 25. Rxf4 Qxa1+ 26. Bd1
Re8 27. Rf1 Qe5 28. Qf3 h6 29. h3 0-1

[Event "NAYCC U14"]
[Site "Montreal CAN"]
[Date "2010.08.16"]
[Round "1"]
[White "Guo, Forest"]
[Black "Molev, Daniel"]
[Result "1/2-1/2"]
[WhiteElo "1601"]
[BlackElo "1218"]
[PlyCount "59"]
[EventDate "2010.08.16"]
[EventType "swiss"]
[EventRounds "7"]
[EventCountry "CAN"]

1. e4 e6 2. d4 d5 3. exd5 exd5 4. Bd3 Nc6 5. c3 Nf6 6. Bg5 h6 7. Bh4 Be7 8. Nf3
Bg4 9. Nbd2 O-O 10. Qc2 a6 11. h3 Bd7 12. O-O Nh5 13. Bxe7 Qxe7 14. Rfe1 Qd6
15. Ne5 Nxe5 16. Rxe5 Nf4 17. Bf1 c6 18. Nb3 Qg6 19. Qxg6 Nxg6 20. Re3 b6 21.
Rae1 Rfe8 22. a3 Rxe3 23. Rxe3 a5 24. g3 Kf8 25. Kg2 Re8 26. Rxe8+ Kxe8 27. Bd3
Ne7 28. h4 Nf5 29. Nc1 Nd6 30. b4 1/2-1/2

[Event "NAYCC U14"]
[Site "Montreal CAN"]
[Date "2010.08.16"]
[Round "1"]
[White "Herry, Serwan"]
[Black "Yu, Benoit"]
[Result "1-0"]
[WhiteElo "848"]
[BlackElo "698"]
[PlyCount "77"]
[EventDate "2010.08.16"]
[EventType "swiss"]
[EventRounds "7"]
[EventCountry "CAN"]

1. e4 e5 2. Nf3 Nf6 3. Nc3 Nc6 4. Bc4 Bc5 5. O-O O-O 6. d3 d6 7. a3 a6 8. Bg5
b5 9. Ba2 Bg4 10. Nd5 Nd4 11. Nxf6+ gxf6 12. Bh6 Re8 13. Kh1 Nxf3 14. gxf3 Bh3
15. Rg1+ Kh8 16. Bg7+ Kg8 17. Bxf6+ Kf8 18. Bxd8 Raxd8 19. f4 Bxf2 20. Qh5 Re7
21. Qxh3 Bxg1 22. Rxg1 exf4 23. Qxh7 Ke8 24. Rg8+ Kd7 25. Rxd8+ Kxd8 26. Bxf7
f3 27. Qf5 Re5 28. Qxf3 Kd7 29. d4 Re7 30. Bd5 c6 31. Qf5+ Kc7 32. Qf6 Rd7 33.
Be6 Rh7 34. Bf5 Rd7 35. Bxd7 Kxd7 36. Qf7+ Kc8 37. h4 c5 38. h5 cxd4 39. h6 1-0

[Event "NAYCC U14"]
[Site "Montreal CAN"]
[Date "2010.08.16"]
[Round "1"]
[White "Itkin, David"]
[Black "Dunne, Francesco"]
[Result "1-0"]
[WhiteElo "1741"]
[BlackElo "1403"]
[PlyCount "223"]
[EventDate "2010.08.16"]
[EventType "swiss"]
[EventRounds "7"]
[EventCountry "CAN"]

1. e4 c5 2. Nc3 e6 3. Nf3 a6 4. d4 cxd4 5. Nxd4 d6 6. g3 Nf6 7. Bg2 Be7 8. O-O
Nbd7 9. f4 Qc7 10. f5 Nc5 11. Be3 e5 12. Nb3 b6 13. Bg5 Bb7 14. Bxf6 Bxf6 15.
Nd5 Bxd5 16. Qxd5 O-O 17. Nd2 b5 18. b3 Bg5 19. Nf3 Bf6 20. g4 h6 21. h4 Qe7
22. Rae1 Rfd8 23. h5 Bh4 24. Nxh4 Qxh4 25. Qd1 Rac8 26. Re3 Rc7 27. Rc3 b4 28.
Rc4 a5 29. c3 bxc3 30. Rxc3 Rdd7 31. Qf3 Qf6 32. Rfc1 Qg5 33. a3 Na6 34. Rxc7
Rxc7 35. Rxc7 Nxc7 36. Qc3 Qh4 37. Qxa5 Qxg4 38. Qd2 Ne8 39. a4 Qh4 40. a5 Qd8
41. b4 Qb8 42. Kh1 Qb5 43. Qe1 Qa4 44. Bf1 Nc7 45. Qd2 Qa3 46. b5 Qa1 47. Kg2
Qa4 48. Qd3 Qxa5 49. Qxd6 Qa2+ 50. Kg1 Qa5 51. b6 Na8 52. Qb8+ Kh7 53. b7 Qb6+
54. Kh1 Nc7 55. Qa8 Nxa8 56. bxa8=Q Qb1 57. Kg2 Qc2+ 58. Kf3 Qc3+ 59. Kf2 Qd2+
60. Kf3 Qc3+ 61. Ke2 Qc2+ 62. Ke3 Qc1+ 63. Kf2 Qd2+ 64. Be2 Qf4+ 65. Ke1 Qc1+
66. Bd1 Qe3+ 67. Kf1 Qf4+ 68. Ke2 Qg4+ 69. Kd2 Qf4+ 70. Kd3 Qf1+ 71. Kd2 Qf2+
72. Kc1 Qc5+ 73. Bc2 Qe3+ 74. Kb2 Qd4+ 75. Ka2 Qc4+ 76. Bb3 Qe2+ 77. Ka3 Qxh5
78. Qd5 Qe2 79. Qxe5 Qa6+ 80. Kb4 Qb6+ 81. Qb5 Qd4+ 82. Qc4 Qb6+ 83. Ka3 Qa7+
84. Kb2 Qf2+ 85. Kc3 Qe3+ 86. Qd3 Qc5+ 87. Bc4 Qa3+ 88. Kd4 Qd6+ 89. Bd5 Qb4+
90. Qc4 Qd2+ 91. Kc5 Qa5+ 92. Qb5 Qc3+ 93. Kd6 Qf6+ 94. Kd7 g6 95. fxg6+ Qxg6
96. Qc6 Qg7 97. Kd8 Qf8+ 98. Qe8 Qd6+ 99. Qd7 Qxd7+ 100. Kxd7 Kg6 101. Bxf7+
Kf6 102. Bh5 Ke5 103. Bf3 h5 104. Bh1 h4 105. Kc6 h3 106. Kc5 h2 107. Kc4 Ke6
108. Kd4 Kd6 109. e5+ Ke6 110. Ke4 Ke7 111. Kd5 Kd7 112. e6+ 1-0

[Event "NAYCC U14"]
[Site "Montreal CAN"]
[Date "2010.08.16"]
[Round "1"]
[White "Jafarov, Amin"]
[Black "Johnson, Nicholas"]
[Result "0-1"]
[WhiteElo "875"]
[BlackElo "1317"]
[PlyCount "132"]
[EventDate "2010.08.16"]
[EventType "swiss"]
[EventRounds "7"]
[EventCountry "CAN"]

1. e4 c5 2. Nf3 d6 3. d4 cxd4 4. Qxd4 Nc6 5. Bb5 Bd7 6. Bxc6 Bxc6 7. O-O Rc8 8.
Nc3 Nf6 9. Qd3 g6 10. Bg5 Bg7 11. Rab1 O-O 12. Rfd1 h6 13. Bxf6 Bxf6 14. Nd5
Bxd5 15. exd5 Qb6 16. c3 Rc7 17. Re1 Rfc8 18. Qe3 Qxe3 19. Rxe3 b5 20. a3 a5
21. Nd2 b4 22. c4 Bg5 23. Re2 Bxd2 24. Rxd2 Rxc4 25. f3 Rc1+ 26. Rxc1 Rxc1+ 27.
Kf2 bxa3 28. bxa3 Rc3 29. a4 Rc4 30. Ra2 e6 31. dxe6 fxe6 32. Ke3 Kf7 33. Kd3
Rb4 34. Kc3 Kf6 35. Rd2 Ke5 36. Re2+ Kf5 37. Rd2 Rxa4 38. Rxd6 Ra2 39. g4+ Ke5
40. Ra6 a4 41. Kb4 g5 42. Rxa4 Rxa4+ 43. Kxa4 Kf4 44. Kb3 Kxf3 45. h3 Kg3 46.
Kc3 Kxh3 47. Kd3 Kxg4 48. Ke2 Kg3 49. Kf1 h5 50. Kg1 e5 51. Kf1 h4 52. Ke2 h3
53. Ke3 h2 54. Ke4 h1=Q+ 55. Kxe5 Qf3 56. Kd4 Qf5 57. Ke3 Qf4+ 58. Kd3 Qe5 59.
Kc4 Qd6 60. Kb5 Qc7 61. Ka6 Qb8 62. Ka5 Kf4 63. Ka6 Ke5 64. Ka5 Kd5 65. Ka4 Kc4
66. Ka5 Qb5# 0-1

[Event "NAYCC U14"]
[Site "Montreal CAN"]
[Date "2010.08.16"]
[Round "1"]
[White "Jiang, Nathan"]
[Black "Sohal, Tanraj"]
[Result "0-1"]
[WhiteElo "1375"]
[BlackElo "2048"]
[PlyCount "84"]
[EventDate "2010.08.16"]
[EventType "swiss"]
[EventRounds "7"]
[EventCountry "CAN"]

1. e4 c5 2. Nf3 Nc6 3. d4 cxd4 4. Nxd4 Nf6 5. Nc3 e6 6. a3 e5 7. Nb3 Be7 8. Be2
O-O 9. O-O d6 10. Bg5 Ne8 11. Bxe7 Nxe7 12. Qd2 Be6 13. Rad1 a6 14. Kh1 Bxb3
15. cxb3 Nc6 16. Bc4 Qb6 17. Ne2 Nf6 18. Qc2 Rfd8 19. Bd5 Ne7 20. Bc4 Rac8 21.
Qd3 Qc6 22. Nc3 b5 23. Bd5 Nexd5 24. Nxd5 Nxd5 25. Qxd5 Qxd5 26. Rxd5 Rc2 27.
f3 Rxb2 28. b4 Rb3 29. Ra1 Kf8 30. Kg1 Ke7 31. a4 Rxb4 32. axb5 axb5 33. Ra7+
Rd7 34. Ra5 Rb1+ 35. Kf2 b4 36. Rab5 Rb2+ 37. Kg3 Rc7 38. Rb6 Rcc2 39. Rbxd6
Rxg2+ 40. Kh4 Rxh2+ 41. Kg5 Rbg2+ 42. Kf5 Rh5# 0-1

[Event "NAYCC U14"]
[Site "Montreal CAN"]
[Date "2010.08.16"]
[Round "1"]
[White "Kalra, Agastya"]
[Black "Robichaud, Nicolas"]
[Result "1-0"]
[WhiteElo "1776"]
[BlackElo "1047"]
[PlyCount "75"]
[EventDate "2010.08.16"]
[EventType "swiss"]
[EventRounds "7"]
[EventCountry "CAN"]

1. e4 c5 2. Nf3 e6 3. d4 cxd4 4. Nxd4 Nc6 5. Nc3 Nf6 6. Be3 a6 7. a4 d6 8. Be2
Bd7 9. O-O Be7 10. f4 O-O 11. Nb3 Qc7 12. a5 Qc8 13. Bf3 Bd8 14. Qxd6 Bxa5 15.
Nxa5 Nxa5 16. Rxa5 Rd8 17. Bb6 Re8 18. e5 Nd5 19. Bxd5 exd5 20. Nxd5 Bc6 21.
Ne7+ Rxe7 22. Qxe7 Bxg2 23. Rd1 Qe8 24. Qxe8+ Rxe8 25. Rd8 Rxd8 26. Bxd8 Be4
27. c3 g6 28. Bf6 h5 29. Ra4 Bc6 30. Rd4 Kf8 31. Rd8+ Be8 32. c4 h4 33. h3 b5
34. cxb5 axb5 35. b4 g5 36. f5 g4 37. hxg4 h3 38. Kh2 1-0

[Event "NAYCC U14"]
[Site "Montreal CAN"]
[Date "2010.08.16"]
[Round "1"]
[White "Li, Brian"]
[Black "Markelov, Lev"]
[Result "1-0"]
[WhiteElo "2072"]
[BlackElo "1168"]
[PlyCount "65"]
[EventDate "2010.08.16"]
[EventType "swiss"]
[EventRounds "7"]
[EventCountry "CAN"]

1. e4 e5 2. Nf3 Nc6 3. Bc4 Bc5 4. c3 Nf6 5. d3 d5 6. exd5 Nxd5 7. Qb3 Nf6 8.
Bxf7+ Ke7 9. Bc4 b6 10. Qc2 a6 11. Bg5 h6 12. Bh4 g5 13. Bg3 Nd7 14. Bd5 Bb7
15. Nbd2 Bd6 16. Be4 Nc5 17. O-O-O Nxe4 18. Nxe4 Kd7 19. Rhe1 Kc8 20. Kb1 Rf8
21. h3 Kb8 22. d4 exd4 23. Nxd6 cxd6 24. Nxd4 Nxd4 25. Rxd4 Rf6 26. Red1 Ka7
27. Bxd6 Qe8 28. Bg3 Bxg2 29. Rd7+ Bb7 30. Qh7 Rb8 31. Bxb8+ Qxb8 32. Rxb7+
Qxb7 33. Rd7 1-0

[Event "NAYCC U14"]
[Site "Montreal CAN"]
[Date "2010.08.16"]
[Round "1"]
[White "Liu, Mu Dong"]
[Black "Posaratnanathan, Juliaan"]
[Result "0-1"]
[WhiteElo "1089"]
[BlackElo "1414"]
[PlyCount "56"]
[EventDate "2010.08.16"]
[EventType "swiss"]
[EventRounds "7"]
[EventCountry "CAN"]

1. e4 c5 2. Nf3 Nc6 3. d4 cxd4 4. Nxd4 Nf6 5. Nc3 d6 6. f3 e6 7. Be3 a6 8. Qd2
Bd7 9. O-O-O Be7 10. Nxc6 Bxc6 11. Bf4 e5 12. Bg3 Qa5 13. Kb1 b5 14. Nd5 Qxd2
15. Rxd2 Bxd5 16. exd5 Rc8 17. Bh4 Nd7 18. Bxe7 Kxe7 19. b4 Nb6 20. Kb2 Na4+
21. Kb1 Rc3 22. Rd3 Rhc8 23. Be2 Rxc2 24. Re1 Rb2+ 25. Ka1 Rcc2 26. Re3 Rxa2+
27. Kb1 Rcb2+ 28. Kc1 Ra1# 0-1

[Event "NAYCC U14"]
[Site "Montreal CAN"]
[Date "2010.08.16"]
[Round "1"]
[White "Manailoiu, Dragos"]
[Black "Knox, Christopher"]
[Result "0-1"]
[WhiteElo "1309"]
[BlackElo "1912"]
[PlyCount "106"]
[EventDate "2010.08.16"]
[EventType "swiss"]
[EventRounds "7"]
[EventCountry "CAN"]

1. d4 Nf6 2. c4 e6 3. g3 Bb4+ 4. Bd2 Qe7 5. Bg2 O-O 6. Nc3 d6 7. a3 Bxc3 8.
Bxc3 Nbd7 9. Qc2 e5 10. Nf3 exd4 11. Nxd4 Ne5 12. Bd2 c5 13. Nf3 Nxf3+ 14. Bxf3
Bg4 15. Bxg4 Nxg4 16. Qf5 Ne5 17. Rc1 Nc6 18. Be3 Qe6 19. Qc2 b6 20. O-O Rad8
21. Rcd1 Ne7 22. Rd3 Rd7 23. Rfd1 Rfd8 24. Bg5 f6 25. Be3 d5 26. cxd5 Rxd5 27.
Qc4 Kf7 28. Qb3 Rxd3 29. Qxe6+ Kxe6 30. exd3 Nc6 31. Kf1 Kd5 32. Ke2 Re8 33.
Kd2 f5 34. Kc3 Rc8 35. Kc2 Ne5 36. Bf4 Nf3 37. h4 Re8 38. Be3 g6 39. Kc3 Rc8
40. Kc2 Ke6 41. Kc3 Kd6 42. Kc2 Rc6 43. Kc3 Ke6 44. Kc4 Ne5+ 45. Kc3 a5 46. a4
Kd5 47. Kb3 Nf3 48. Kc3 Re6 49. Kc2 Nd4+ 50. Bxd4 Kxd4 51. b3 Re2+ 52. Rd2 Re1
53. Rd1 Rxd1 0-1

[Event "NAYCC U14"]
[Site "Montreal CAN"]
[Date "2010.08.16"]
[Round "1"]
[White "Mikerlange, Roseme"]
[Black "Tang, Leslie"]
[Result "0-1"]
[WhiteElo "650"]
[BlackElo "1475"]
[PlyCount "64"]
[EventDate "2010.08.16"]
[EventType "swiss"]
[EventRounds "7"]
[EventCountry "CAN"]

1. e4 c5 2. Bc4 e6 3. Nf3 Nc6 4. d3 d5 5. Bb5 dxe4 6. Bxc6+ bxc6 7. Bg5 Be7 8.
h4 exf3 9. Qxf3 Qd5 10. Nc3 Qxf3 11. gxf3 Nf6 12. Bxf6 Bxf6 13. Ne4 Rb8 14.
Nd6+ Ke7 15. Nxc8+ Rhxc8 16. c3 Rxb2 17. c4 Rcb8 18. O-O Bxh4 19. a4 Rd2 20.
Rac1 Rxd3 21. f4 Rd4 22. Rc3 Rxf4 23. f3 Rb4 24. Ra1 Bf6 25. Rac1 Bxc3 26. Rxc3
Rxa4 27. Kf2 Rfxc4 28. Rb3 f5 29. Rb7+ Kf6 30. Rc7 f4 31. Rxc6 Rc2+ 32. Ke1
Ra1# 0-1

[Event "NAYCC U14"]
[Site "Montreal CAN"]
[Date "2010.08.16"]
[Round "1"]
[White "Morin-Pare, Victor"]
[Black "Lepine, Cedric"]
[Result "1/2-1/2"]
[WhiteElo "1058"]
[BlackElo "1663"]
[PlyCount "69"]
[EventDate "2010.08.16"]
[EventType "swiss"]
[EventRounds "7"]
[EventCountry "CAN"]

1. e4 e6 2. d4 d5 3. e5 c5 4. c3 Qb6 5. Nf3 Nc6 6. Be2 Nh6 7. Na3 cxd4 8. cxd4
Bxa3 9. bxa3 Nf5 10. O-O Ncxd4 11. Nxd4 Nxd4 12. Be3 Nxe2+ 13. Qxe2 Qa5 14. Qb2
O-O 15. Qb4 Qxb4 16. axb4 b6 17. b5 Bb7 18. a4 Rfc8 19. a5 bxa5 20. Rxa5 a6 21.
bxa6 Rxa6 22. Rc5 h5 23. h4 Ra4 24. Rxc8+ Bxc8 25. Rc1 Ba6 26. Bg5 Re4 27. f4
d4 28. Rc2 Kh7 29. g3 Re3 30. Kf2 Bb7 31. Rc7 Rf3+ 32. Ke2 Bd5 33. Rxf7 d3+ 34.
Kd2 Rxg3 35. f5 1/2-1/2

[Event "NAYCC U14"]
[Site "Montreal CAN"]
[Date "2010.08.16"]
[Round "1"]
[White "Qian, Jack"]
[Black "Qin, Zi Yi (Joey)"]
[Result "0-1"]
[WhiteElo "855"]
[BlackElo "2329"]
[PlyCount "102"]
[EventDate "2010.08.16"]
[EventType "swiss"]
[EventRounds "7"]
[EventCountry "CAN"]

1. e4 c5 2. Nf3 d6 3. d4 cxd4 4. Nxd4 Nf6 5. Nc3 a6 6. Bg5 e6 7. f4 Be7 8. Qf3
Qc7 9. O-O-O Nbd7 10. g4 b5 11. Bxf6 Nxf6 12. g5 Nd7 13. f5 Bxg5+ 14. Kb1 Ne5
15. Qh5 Qd8 16. fxe6 g6 17. exf7+ Kxf7 18. Qe2 Bg4 19. Qf2+ Qf6 20. Qxf6+ Bxf6
21. Rd2 Kg7 22. h4 Nf3 23. Nxf3 Bxf3 24. Bg2 Bxg2 25. Rxg2 Bxc3 26. bxc3 Rhe8
27. Re2 Rac8 28. Rd1 Re6 29. Kb2 Kh6 30. Rd5 Rc5 31. Rxc5 dxc5 32. c4 Kh5 33.
cxb5 axb5 34. a4 bxa4 35. Ka3 Kxh4 36. Kxa4 Kg3 37. Kb5 Kf3 38. Rh2 h5 39. Kxc5
Rxe4 40. Kd5 Re8 41. c4 Kg3 42. Rh1 Kg2 43. Rh4 Rh8 44. Ke5 g5 45. Rd4 g4 46.
Kf4 Kh3 47. Rd3+ Kh4 48. c5 Rf8+ 49. Ke3 g3 50. c6 g2 51. Rd1 Rf1 0-1

[Event "NAYCC U14"]
[Site "Montreal CAN"]
[Date "2010.08.16"]
[Round "1"]
[White "Regam, Jay"]
[Black "Semianiuk, Konstantin"]
[Result "0-1"]
[WhiteElo "1417"]
[BlackElo "2168"]
[PlyCount "60"]
[EventDate "2010.08.16"]
[EventType "swiss"]
[EventRounds "7"]
[EventCountry "CAN"]

1. e4 c5 2. Nf3 Nc6 3. d4 cxd4 4. Nxd4 e5 5. Nb5 d6 6. N1c3 a6 7. Na3 b5 8. Nd5
Nce7 9. c3 Nxd5 10. exd5 Be7 11. Be2 Bb7 12. Nc2 Bg5 13. O-O Bxc1 14. Rxc1 Ne7
15. Nb4 O-O 16. Bf3 Rc8 17. Qd2 a5 18. Nc2 f5 19. Rcd1 Rc5 20. b4 Rc8 21. Ne3
e4 22. Be2 f4 23. Nc2 Nxd5 24. Bg4 Nxc3 25. Bxc8 Qxc8 26. Ra1 axb4 27. Nxb4 f3
28. Qxd6 Ne2+ 29. Kh1 fxg2+ 30. Kxg2 Qg4+ 0-1

[Event "NAYCC U14"]
[Site "Montreal CAN"]
[Date "2010.08.16"]
[Round "1"]
[White "Shen, Arthur"]
[Black "Xu, Tian Run"]
[Result "1-0"]
[WhiteElo "2220"]
[BlackElo "1368"]
[PlyCount "81"]
[EventDate "2010.08.16"]
[EventType "swiss"]
[EventRounds "7"]
[EventCountry "CAN"]

1. e4 c5 2. Nf3 d6 3. d4 cxd4 4. Nxd4 Nf6 5. Nc3 a6 6. h3 e6 7. g4 Be7 8. Bg2
O-O 9. O-O Nbd7 10. g5 Ne8 11. f4 Qc7 12. a4 b6 13. Be3 Bb7 14. Qg4 Nc5 15.
Rad1 Rd8 16. f5 exf5 17. exf5 Bxg2 18. Qxg2 Qb7 19. Nd5 Rd7 20. Nc6 Bd8 21.
Nxd8 Qb8 22. Nc6 Qb7 23. b3 Nc7 24. Bxc5 Nxd5 25. Qxd5 bxc5 26. Ne5 Qxd5 27.
Rxd5 Re7 28. Nc4 Re2 29. Rf2 Re1+ 30. Kg2 f6 31. gxf6 gxf6 32. Rxd6 Kf7 33.
Rxa6 Rg8+ 34. Kf3 Rg5 35. Ra7+ Kf8 36. Ne3 Rh1 37. Rxh7 Kg8 38. Rc7 Rxh3+ 39.
Ke2 Rgg3 40. Rg2 Rxg2+ 41. Nxg2 1-0

[Event "NAYCC U14"]
[Site "Montreal CAN"]
[Date "2010.08.16"]
[Round "1"]
[White "Shi, Yang Tian Jiao (Sky"]
[Black "Zhang, Zhiyuan"]
[Result "1/2-1/2"]
[WhiteElo "1327"]
[BlackElo "1686"]
[PlyCount "100"]
[EventDate "2010.08.16"]
[EventType "swiss"]
[EventRounds "7"]
[EventCountry "CAN"]

1. e4 e6 2. d4 d5 3. Nc3 dxe4 4. Nxe4 Nd7 5. Nf3 Ngf6 6. Bg5 Be7 7. Nxf6+ Nxf6
8. Be2 h6 9. Bh4 O-O 10. O-O b6 11. Ne5 Bb7 12. Bb5 Qd5 13. Qf3 Qxf3 14. Nxf3
a6 15. Be2 Rfd8 16. Rad1 Nd5 17. Bxe7 Nxe7 18. Ne5 f6 19. Ng4 Rd6 20. Rfe1 Kf7
21. Bc4 b5 22. Bb3 Bd5 23. Bxd5 Nxd5 24. c3 Nb6 25. b3 Rad8 26. Ne3 a5 27. a3
Nd5 28. Nxd5 Rxd5 29. Rc1 c5 30. dxc5 Rxc5 31. Kf1 Rd3 32. Re3 Rd6 33. h3 e5
34. Ke2 Rcd5 35. Kf3 Rd2 36. Re2 e4+ 37. Rxe4 Rb2 38. b4 Rdd2 39. Rf1 Rb3 40.
bxa5 Rxa3 41. Rb1 Rxa5 42. Ke3 Rc2 43. Rb3 Raa2 44. Rf4 Re2+ 45. Kd4 Rad2+ 46.
Kc5 Re5+ 47. Kb6 g5 48. Rf3 Rd6+ 49. Ka5 Rdd5 50. Re3 Rf5 1/2-1/2

[Event "NAYCC U14"]
[Site "Montreal CAN"]
[Date "2010.08.16"]
[Round "2"]
[White "Dunne, Francesco"]
[Black "Jafarov, Amin"]
[Result "1-0"]
[WhiteElo "1403"]
[BlackElo "875"]
[PlyCount "35"]
[EventDate "2010.08.16"]
[EventType "swiss"]
[EventRounds "7"]
[EventCountry "CAN"]

1. e4 e5 2. Nf3 Nc6 3. Bc4 Bc5 4. c3 Nf6 5. d4 exd4 6. cxd4 Bb4+ 7. Nc3 Nxe4 8.
O-O Nxc3 9. bxc3 Bxc3 10. Ba3 Bxa1 11. Re1+ Ne7 12. Bxe7 Bc3 13. Bxd8+ Kxd8 14.
Ng5 Bxe1 15. Nxf7+ Ke7 16. Qxe1+ Kf6 17. Qe5+ Kg6 18. Qg5# 1-0